000 00652cam a2200145 4500
001 2940
005 20181127170116.0
008 961114s1996
100 1 _aGokhale, Namita,
_d1956-
245 1 2 _aA Himalayan love story /
_cNamita Gokhale.
260 _aNew Delhi :
_bAlka Paperbacks,
_cc1996.
300 _a188 p. ;
_c22 cm.
520 _aThis is the story of Parvati, young, beautiful and doomed, and Mukul Nainwal, the local boy made good who returns to the Nainital of his youth to search for the only woman he has ever loved. Told in the voices of these two exiles from life, this spare, sensitive book is a compelling read.
651 0 _aIndia
_xFiction.
999 _c2361
_d2361